| 000 | 00447nam a2200181Ia 4500 | ||
|---|---|---|---|
| 008 | 180424s9999 xx 000 0 und d | ||
| 020 | _a9.79E+12 | ||
| 084 | _a332.03 B1 | ||
| 100 | _a"Benson Kunjukunju, " | ||
| 245 | 0 | _a"Dictonary of Money, Banking and Finance" | |
| 250 | _a\\201401ENGGPCX | ||
| 260 | _aNCBH | ||
| 260 | _b2014 | ||
| 260 | _cNew Delhi | ||
| 300 | _a248p. | ||
| 500 | _aincludes index and biblioraphy | ||
| 942 | _cBK | ||
| 999 |
_c102773 _d102773 |
||